| 000 | 00467nam a22001817a 4500 | ||
|---|---|---|---|
| 003 | CEME | ||
| 005 | 20210628202829.0 | ||
| 008 | 210118b xxu||||| |||| 00| 0 eng d | ||
| 020 | _a81-88458-29-5 | ||
| 040 | _c. | ||
| 082 | _a510 BIN | ||
| 100 |
_aBindra,J.S. Dr, Gill, K.S, Goel, Sumit _961834 |
||
| 245 | _aApplied mathematics | ||
| 260 |
_aNEW DELHI _bNAROSA _c2007 |
||
| 300 | _a830 P | ||
| 650 |
_aAPPLIED MATHEMATICS.MATHEMATICS _961835 |
||
| 942 |
_cBK _2ddc |
||
| 999 |
_c571149 _d571149 |
||